[Event "New England Masters"]
[Site "Peabody USA"]
[Date "2007.08.17"]
[Round "8"]
[White "Ippolito,D"]
[Black "Shabalov,A"]
[Result "1-0"]
[WhiteElo "2395"]
[BlackElo "2637"]

1.d4 e6 2.c4 f5 3.g3 Nf6 4.Bg2 c6 5.Nf3 d5 6.O-O Bd6 7.b3 Qe7 8.Bb2 b6 9.Nc3 O-O
10.Ne5 Bb7 11.Qd3 Nbd7 12.Nxd7 Qxd7 13.Rac1 Rad8 14.Rfd1 h5 15.e3 h4 16.Ne2 Qe8
17.cxd5 exd5 18.Qxf5 Ne4 19.Bxe4 Rxf5 20.Bxf5 Bc8 21.Bxc8 Rxc8 22.Re1 Qe4
23.gxh4 Qxh4 24.Ng3 Rf8 25.Re2 Qg4 26.f4 c5 27.Rg2 Qe6 28.Nf1 Rf7 29.Rcc2 Qe4
30.Rcd2 a5 31.Rg3 cxd4 32.Bxd4 Bc5 33.Rg5 Rc7 34.Bxc5 Rxc5 35.Rdg2 Rc7 36.Re5 Qf3
37.Rf2 Qd1 38.Rd2 Qe1 39.Rexd5 Rc1 40.Rf2 Qxe3 41.Rg5 Qd4 42.Kg2 Qe4+ 43.Kg1 Qd4
44.Kg2 Rb1 45.Rg3 b5 46.Rgf3 a4 47.bxa4 bxa4 48.Re2 Qc5 49.Rff2 Qd5+ 50.Kg1 a3
51.Re5 Qc6 52.Ree2 Kf7 53.Rd2 Qg6+ 54.Rg2 Qe4 55.Rgf2 Kf6 56.Rd6+ Kf5 57.Rdd2 Kg4
58.Rg2+ Kh4 59.Rdf2 Qd4 60.Kh1 Rb2 61.Nd2 Kh5 62.Rf3 g5 63.Rxg5+ Kh4 64.Rh3+ Kxh3
65.Rg3+ Kh4 66.Nf3+ Kh5 67.Nxd4 Rxa2 68.Nf5  1-0

[Event "Open"]
[Site "Miami USA"]
[Date "2007.09.27"]
[Round "2"]
[White "Shabalov,A"]
[Black "Robson,R"]
[Result "1-0"]
[WhiteElo "2637"]
[BlackElo "2347"]

1.e4 c5 2.Nf3 d6 3.d4 cxd4 4.Nxd4 Nf6 5.Nc3 Nc6 6.Bg5 e6 7.Qd2 Be7 8.O-O-O Nxd4
9.Qxd4 O-O 10.h4 a6 11.f3 b5 12.Kb1 Bb7 13.Qd2 Rc8 14.Bd3 Qc7 15.g4 Rfd8
16.Qe1 b4 17.Ne2 a5 18.Nd4 e5 19.Nf5 d5 20.h5 dxe4 21.fxe4 Nd5 22.Nxe7+ Nxe7
23.h6 f6 24.Be3 b3 25.Rh2 bxa2+ 26.Ka1 g6 27.Qf1 Rd6 28.Bc4+ Qxc4 29.Qxc4+ Rxc4
30.Rxd6 Rxe4 31.Bc5 Bd5 32.b3 a4 33.Kxa2 axb3+ 34.cxb3 Ra4+ 35.Ba3 Rxg4 36.Rd8+ Kf7
37.Rd7  1-0

[Event "10th Foxwoods Open"]
[Site "Ledyard USA"]
[Date "2008.03.19"]
[Round "1"]
[White "Shabalov,A"]
[Black "Williams,C USA"]
[Result "0-1"]
[WhiteElo "2622"]
[BlackElo "2201"]

1.e4 e5 2.Nf3 Nc6 3.Bb5 a6 4.Ba4 Nf6 5.d4 exd4 6.O-O Be7 7.Re1 b5 8.Bb3 d6
9.Bd5 Nxd5 10.exd5 Ne5 11.Nxd4 O-O 12.Nc3 Bd7 13.Bf4 Ng6 14.Be3 Qc8 15.b4 Qb7
16.Nb3 Rae8 17.Na5 Qa8 18.Qd2 Bf6 19.Rad1 Be5 20.Ne2 Nh4 21.Bg5 Nf5 22.Qd3 h6
23.Bc1 Ne7 24.Ng3 Nxd5 25.a3 Nf4 26.Qf1 Ng6 27.f4 Bc3 28.Rxe8 Rxe8 29.h3 Nh4
30.Kh2 Be6 31.Bd2 Bxd2 32.Rxd2 Bd5 33.Nh5 Bf3 34.Qf2 Nxg2 35.Qd4 Bxh5 36.Rxg2 g6
37.c4 Qf3 38.Rf2 Qxa3 39.f5 Re3 40.Qh4 Rf3 41.Rg2 Qe3  0-1

[Event "10th Foxwoods Open"]
[Site "Ledyard USA"]
[Date "2008.03.21"]
[Round "4"]
[White "Esserman,M"]
[Black "Shabalov,A"]
[Result "0-1"]
[WhiteElo "2257"]
[BlackElo "2622"]

1.e4 c5 2.d4 cxd4 3.c3 dxc3 4.Nxc3 Nc6 5.Nf3 e6 6.Bc4 Nge7 7.Bg5 f6 8.Be3 Ng6
9.O-O Be7 10.Nd4 Nxd4 11.Bxd4 O-O 12.f4 Qc7 13.Bb3 Nxf4 14.Kh1 Ng6 15.Rc1 Qd8
16.Nd5 exd5 17.Bxd5+ Kh8 18.Qh5 d6 19.Rc3 Ne5 20.Rf4 g6 21.Qh6 Rg8 22.Bxg8 Qxg8
23.Rc7 Qf7 24.g4 Kg8 25.g5 f5 26.b3 Be6 27.Rxb7 Bxg5  0-1

[Event "10th Foxwoods Open"]
[Site "Ledyard USA"]
[Date "2008.03.22"]
[Round "7"]
[White "Paragua,M"]
[Black "Shabalov,A"]
[Result "0-1"]
[WhiteElo "2521"]
[BlackElo "2622"]

1.d4 Nf6 2.Nf3 e6 3.c4 c5 4.d5 exd5 5.cxd5 g6 6.Nc3 d6 7.e4 Bg7 8.Nd2 O-O
9.Be2 Na6 10.O-O Nc7 11.Re1 Re8 12.Qc2 Rb8 13.a4 b6 14.Nc4 Ba6 15.Bf4 Bxc4
16.Bxc4 a6 17.Qd3 Ng4 18.Qg3 Ne5 19.Bf1 b5 20.axb5 axb5 21.Bg5 Qc8 22.Ra5 c4
23.Na2 Na6 24.Nc3 Nc7 25.Be3 Rb7 26.Na2 Ng4 27.Qxd6 Bxb2 28.Qc5 Qd8 29.Qc6 Rb8
30.Bf4 Ne5 31.Bxe5 Bxe5 32.Ra7 Qd6 33.Qxd6 Bxd6 34.g3 f6 35.Kg2 Ra8 36.Rxa8 Rxa8
37.Nc3 g5 38.Rb1 b4 39.Nd1 c3 40.Ne3 Bc5 41.Bc4 Kf8 42.Nc2 Ne8 43.f3 Nd6
44.Bb3 g4 45.h3 gxf3+ 46.Kxf3 Re8 47.Re1 Re5 48.g4 Ke7 49.Re2 Kd8 50.Re1 Kc7
51.h4 h6 52.Re2 Kb6 53.Ne1 Kb5 54.Nd3 Nc4 55.Nxe5 Nxe5+ 56.Kg3 Nd3 57.Rc2 Bd6+  0-1

[Event "Frank K Berry ch-USA"]
[Site "Tulsa USA"]
[Date "2008.05.21"]
[Round "9"]
[White "Gurevich,D"]
[Black "Shabalov,A"]
[Result "1/2-1/2"]
[WhiteElo "2513"]
[BlackElo "2633"]

1.d4 Nf6 2.c4 e6 3.Nc3 Bb4 4.e3 O-O 5.Ne2 d5 6.a3 Be7 7.Ng3 c5 8.dxc5 a5
9.Na4 Nbd7 10.cxd5 Nxc5 11.Nxc5 Bxc5 12.dxe6 Qxd1+ 13.Kxd1 Bxe6 14.Bb5 h5
15.h3 a4 16.Ke2 Bd6 17.Rd1 Bxg3 18.fxg3 Ne4 19.Bd2 Bb3 20.Rdc1 Nxg3+ 21.Kf3 Nf5
22.Rc5 Nd6 23.Bd3 f5 24.Bc3 Rf7 25.Kf4 Rd8 26.Be5 b6 27.Rc6 Ne4 28.Bxe4 fxe4+
29.Kg3 Rd5 30.Rc8+ Kh7 31.Re8 Bc4 32.Bd4 Rg5+ 33.Kh2 Bf1 34.Re5 Rxg2+ 35.Kh1 Rg3
36.Rxh5+ Kg6 37.Rh4 Kg5 38.Rf4 Rxh3+ 39.Kg1 Bc4 40.Rc1 Bb3 41.Rxf7 Bxf7 42.Rc7  1/2-1/2

[Event "17th Open"]
[Site "Chicago USA"]
[Date "2008.05.24"]
[Round "2"]
[White "Quan Zhe"]
[Black "Shabalov,A"]
[Result "1/2-1/2"]
[WhiteElo "2390"]
[BlackElo "2633"]

1.d4 Nf6 2.c4 e6 3.Nf3 c5 4.e3 a6 5.a3 b6 6.Bd3 d5 7.cxd5 exd5 8.Nc3 Be7
9.O-O O-O 10.dxc5 bxc5 11.e4 d4 12.Ne2 Nc6 13.e5 Nd5 14.Ng3 Bg4 15.Re1 Qc7
16.Qe2 g6 17.Qe4 Qd7 18.h3 Be6 19.Ng5 Nc7 20.Qh4 Bxg5 21.Bxg5 f5 22.exf6 c4
23.Bf1 d3 24.Re4 Rf7 25.Rd1 Rd8 26.Bh6 Qd5 27.Qf4 Nb5 28.h4 Nbd4 29.Bg5 Qd6
30.Qe3 Qd5 31.h5 Rb8 32.Rd2 Rb5 33.hxg6 hxg6 34.f4 Rf8 35.Bxd3 cxd3 36.Rxd3 Rxb2
37.Rdxd4 Nxd4 38.Qxd4 Qxd4+ 39.Rxd4 Rc8 40.Nf1 Re2 41.Ng3 Ra2 42.Rd6 Bf7
43.Kh2 Rxa3 44.f5 Rc7 45.Bf4 Kh7 46.fxg6+ Kxg6 47.Rxa6 Rxa6 48.Bxc7 Ra2 49.Nf1 Re2
50.Bb6 Kxf6 51.Ng3 Ra2 52.Kg1 Bd5 53.Bf2 Kg5 54.Nh1 Kg4 55.Kh2 Bc6  1/2-1/2

[Event "17th Open"]
[Site "Chicago USA"]
[Date "2008.05.25"]
[Round "5"]
[White "Shabalov,A"]
[Black "Van de Mortel,J"]
[Result "1-0"]
[WhiteElo "2633"]
[BlackElo "2421"]

1.e4 c5 2.Na3 d6 3.c3 Nf6 4.g3 g6 5.Bg2 Bg7 6.Ne2 O-O 7.O-O Qa5 8.Nc4 Qa6
9.Ne3 c4 10.Nf4 Nc6 11.Qe2 b5 12.a4 Rb8 13.Rd1 Ne5 14.a5 Bb7 15.Nc2 Ba8 16.Nb4 Qc8
17.Nfd5 Re8 18.f4 Nc6 19.d4 cxd3 20.Nxd3 e6 21.Nxf6+ Bxf6 22.Be3 a6 23.Nf2 Rd8
24.Rd3 b4 25.Bb6 bxc3 26.bxc3 Rd7 27.Rad1 Bd8 28.e5 Bxb6 29.axb6 d5 30.Ne4 Kg7
31.Qf2 Qd8 32.Nc5 Re7 33.Rb1 Na5 34.Nxa6 Rc8 35.g4 Nc4 36.Rh3 Rb7 37.f5 Rxb6
38.Rf1 Rb2 39.Qf4 g5 40.f6+ Kh8 41.Qxg5 Qg8 42.Qh5 Re2 43.Rg3 Ne3 44.Rc1 Rxg2+
45.Rxg2 Nxg2 46.Kxg2 d4+ 47.Kg3 dxc3 48.Nb4 Be4 49.Nc2 Rc5 50.Qh6 Bg6 51.Nd4 c2
52.h4 Bf5 53.Qg7+ Qxg7 54.fxg7+ Kxg7 55.gxf5 exf5 56.Kf4 Rc4 57.Ke3 Rc5 58.Nxf5+ Kg6
59.Kd4 Rc7 60.Ne3 Kh5 61.Ke4 Kxh4 62.Kf4 Kh5 63.Kf5 Kh4 64.Rxc2 Rxc2 65.Nxc2 Kg3
66.Kf6 Kf4 67.Ne3 h6 68.Nc4 h5 69.Kxf7 h4 70.e6 h3 71.e7 h2 72.e8=Q h1=Q
73.Qe5+ Kg4 74.Ne3+ Kf3 75.Qd5+  1-0

[Event "17th Open"]
[Site "Chicago USA"]
[Date "2008.05.26"]
[Round "6"]
[White "Gurevich,D"]
[Black "Shabalov,A"]
[Result "1-0"]
[WhiteElo "2513"]
[BlackElo "2633"]

1.d4 Nf6 2.c4 e6 3.g3 c5 4.Nf3 cxd4 5.Nxd4 Bb4+ 6.Bd2 Be7 7.Bg2 Nc6 8.Bc3 d5
9.cxd5 exd5 10.Nd2 O-O 11.O-O Re8 12.Rc1 Bg4 13.N2f3 Rc8 14.Qb3 Qd7 15.Nxc6 bxc6
16.Ne5 Qe6 17.Nxg4 Nxg4 18.Qa4 Nf6 19.e3 Nd7 20.e4 dxe4 21.Qxe4 Qxe4 22.Bxe4 Nb6
23.Rfe1 Bf8 24.Bxc6 Rxe1+ 25.Bxe1 Na4 26.b4 Nb2 27.b5 Nd3 28.Rd1 Nxe1 29.Rxe1 Rd8
30.a4 Bb4 31.Re4 Ba5 32.Re7 Bb6 33.Bd5 Kf8 34.Rxf7+ Ke8 35.a5 Bxa5 36.Rxa7 Bb6
37.Bc6+ Kf8 38.Ra6 Rb8 39.Kg2 Ke7 40.f4  1-0

[Event "World Open"]
[Site "Philadelphia USA"]
[Date "2008.07.05"]
[Round "7"]
[White "Shabalov,A"]
[Black "Ganguly,S"]
[Result "1-0"]
[WhiteElo "2611"]
[BlackElo "2631"]

1.e4 e6 2.d4 d5 3.Nc3 Bb4 4.e5 c5 5.a3 Bxc3+ 6.bxc3 Ne7 7.Qg4 Qc7 8.Bd3 c4
9.Be2 Nf5 10.Bd1 Bd7 11.a4 Nc6 12.Ne2 O-O-O 13.O-O Rdg8 14.Ng3 f6 15.Nxf5 exf5
16.Qf3 Be6 17.exf6 gxf6 18.Bf4 Qd7 19.Bg3 h5 20.h3 f4 21.Qxf4 h4 22.Bh2 Bxh3
23.Bf3 Bxg2 24.Bxg2 h3 25.Rfe1 hxg2 26.f3 Rh5 27.Re2 Rf5 28.Qe3 b6 29.Rae1 Kb7
30.Rf2 Ka6 31.Qe6 Qh7 32.Rxg2 Rxg2+ 33.Kxg2 Rg5+ 34.Bg3 Qg7 35.Qc8+ Qb7 36.Qxb7+ Kxb7
37.Re6 Rg6 38.Rd6 Rg5 39.Rxf6 a5 40.f4 Rg7 41.f5 Na7 42.Rf8 Rd7 43.f6 Nc6
44.Kf3 Nd8 45.Bf4 Kc8 46.Kg4 Rh7 47.Kf5 Kd7 48.Kg6 Rh4 49.Bg5 Rg4 50.Rxd8+  1-0

[Event "3rd Int Open"]
[Site "Edmonton CAN"]
[Date "2008.08.04"]
[Round "9"]
[White "Shabalov,A"]
[Black "Bluvshtein,M"]
[Result "1/2-1/2"]
[WhiteElo "2611"]
[BlackElo "2548"]

1.d4 Nf6 2.c4 e6 3.Nc3 Bb4 4.Qc2 d5 5.cxd5 exd5 6.Bg5 h6 7.Bh4 c5 8.dxc5 g5
9.Bg3 Ne4 10.e3 Qa5 11.Ne2 Bf5 12.Be5 O-O 13.Nd4 Nd7 14.Nxf5 Nxe5 15.Ne7+ Kg7
16.Nxd5 Bxc3+ 17.Nxc3 Nxc3 18.bxc3 Rac8 19.Be2 Rxc5 20.O-O Qxc3 21.Qe4 b6
22.Qd4 Rcc8 23.Qa4 Qc2 24.Qa6 Rfd8 25.Bd1 Qc3 26.Bb3 Rc7 27.Qb5 Rc5 28.Qa4 a5
29.Qe4 b5 30.f4 a4 31.fxe5 axb3 32.e6 f5 33.Qb7+ Rc7 34.Qxb5 Qxe3+ 35.Kh1 Qxe6
36.axb3 Qd5 37.Rxf5 Qxb5 38.Rxb5 Rcd7 39.h3 Rd1+ 40.Rxd1 Rxd1+ 41.Kh2 Rd3
42.Rb8 Kg6 43.b4 Rb3 44.Rb6+ Kg7 45.b5 Kh7 46.Rb8 Kg7 47.b6 Kh7 48.Kg1 Rb2  1/2-1/2

[Event "US Open"]
[Site "Dallas USA"]
[Date "2008.08.06"]
[Round "5"]
[White "Landaw,M"]
[Black "Shabalov,A"]
[Result "0-1"]
[WhiteElo "2128"]
[BlackElo "2611"]

1.d4 Nf6 2.c4 e6 3.Nc3 Bb4 4.a3 Bxc3+ 5.bxc3 O-O 6.f3 Nh5 7.Nh3 f5 8.Bg5 Qe8
9.e3 d6 10.Bd3 e5 11.O-O Nc6 12.Qc2 Kh8 13.Kh1 Bd7 14.Rae1 h6 15.Bh4 g5 16.Bf2 Qe7
17.Ng1 Rae8 18.g4 Ng7 19.gxf5 Bxf5 20.Bxf5 Rxf5 21.e4 Rf7 22.Be3 Ref8 23.Qg2 Na5
24.h4 Ne6 25.Qh2 Nxc4 26.dxe5 dxe5 27.Bc1 Kg8 28.Qe2 b5 29.Nh3 Rg7 30.Rg1 g4
31.Bxh6 Qxh4 32.Bxg7 Qxh3+ 33.Qh2 Qxf3+ 34.Qg2 Nxg7 35.Ref1 Qxg2+ 36.Kxg2 Ne3+  0-1

[Event "US Open"]
[Site "Dallas USA"]
[Date "2008.08.08"]
[Round "7"]
[White "Shabalov,A"]
[Black "Kuderinov,K"]
[Result "1-0"]
[WhiteElo "2611"]
[BlackElo "2422"]

1.e4 c5 2.Nf3 Nc6 3.d4 cxd4 4.Nxd4 e5 5.Nb5 d6 6.N1c3 a6 7.Na3 Nf6 8.Bg5 Be6
9.Nc4 Rc8 10.Ne3 Be7 11.g3 O-O 12.Bxf6 Bxf6 13.h4 Qa5 14.Bg2 Qb4 15.O-O Qxb2
16.Ncd5 Bxd5 17.Nxd5 Bd8 18.Qg4 Rb8 19.c3 Kh8 20.Rfb1 Qa3 21.Qd7 Ba5 22.Rxb7 Rxb7
23.Qxb7 Bxc3 24.Rd1 Nd4 25.Kh2 Ba5 26.Qxa6 Qc5 27.Rb1 f5 28.exf5 Nxf5 29.Qd3 Nd4
30.Rb7 Qc8 31.Ra7 Be1 32.Ne7 Qe6 33.Qe3 Bb4 34.Qg5 Bc5 35.Rb7 Qxa2 36.Nd5 Rg8  1-0

[Event "US Open"]
[Site "Dallas USA"]
[Date "2008.08.10"]
[Round "9"]
[White "Mulyar,M"]
[Black "Shabalov,A"]
[Result "0-1"]
[WhiteElo "2382"]
[BlackElo "2611"]

1.d4 d5 2.c4 e6 3.Nf3 c6 4.Qc2 f5 5.g3 Nf6 6.Bg2 Bd6 7.O-O O-O 8.Bf4 Bxf4
9.gxf4 Qe7 10.Nbd2 Nbd7 11.e3 Ne4 12.Nxe4 fxe4 13.Nd2 Nf6 14.f3 exf3 15.Nxf3 Bd7
16.Ne5 Be8 17.Qb3 Bh5 18.h3 Kh8 19.Qa3 Qe8 20.Rf2 Bg6 21.Kh2 Bf5 22.Rg1 Nd7
23.Nf3 dxc4 24.Nd2 Bd3 25.Be4 e5 26.Bxd3 cxd3 27.dxe5 Nxe5 28.Rfg2 Ng6 29.Qxd3 Qe7
30.Nf3 Rae8 31.Rxg6 hxg6 32.Ne5 Kg8 33.Rxg6 Rf6 34.Rg5 Qe6 35.Ng4 Rff8 36.Qd4 Re7
37.f5 Rxf5 38.Nh6+ Qxh6 39.Rxf5 Rxe3 40.Qc4+ Kh7 41.Qg4 Qd6+ 42.Kg2 Qd2+
43.Rf2 Qd5+ 44.Kh2 Qd6+ 45.Kg2 Re6 46.Qf5+ Rg6+ 47.Kh1 Qg3  0-1

[Event "USCL 2008"]
[Site "ICC INT"]
[Date "2008.08.27"]
[Round "1"]
[White "Shabalov,A"]
[Black "Sammour Hasbun,J"]
[Result "0-1"]
[WhiteElo "2611"]
[BlackElo "2463"]

1.d4 Nf6 2.Nf3 d5 3.c4 c6 4.Nc3 e6 5.Bg5 h6 6.Bh4 dxc4 7.e4 g5 8.Bg3 b5 9.Be2 Bb7
10.O-O Nbd7 11.Ne5 Bg7 12.Nxf7 Kxf7 13.e5 Nd5 14.Ne4 Ke7 15.Nd6 Qb6 16.Qc2 Qxd4
17.Rad1 Qb6 18.Qg6 Bxe5 19.Bg4 Nf8 20.Qf7+ Kxd6 21.Bxe5+ Kxe5 22.Qg7+ Kd6
23.Qxh8 Qc7 24.Qxh6 Qe7 25.Rfe1 Rd8 26.f4 gxf4 27.Qxf4+ Kd7 28.Qf2 Kc7 29.Qxa7 Ra8
30.Qd4 Rxa2 31.Rf1 Nd7 32.Kh1 c5 33.Qf2 N7f6 34.Bf3 c3 35.Qg3+ e5 36.bxc3 Ne3
37.Bxb7 Nxd1 38.Qf3 Nf2+ 39.Rxf2 Ra1+ 40.Rf1 Rxf1+ 41.Qxf1 Kxb7 42.Qxb5+ Kc7
43.Qa5+ Kd7 44.Qb5+ Ke6 45.Qc4+ Kf5 46.h3 e4 47.Kg1 e3 48.Kf1 Qd6 49.Qe2 Qf4+
50.Ke1 Qg3+ 51.Kd1 Qf2 52.Qd3+ Ke5  0-1

[Event "Open"]
[Site "Miami USA"]
[Date "2008.09.11"]
[Round "2"]
[White "Shabalov,A"]
[Black "Prilleltensky,M"]
[Result "1-0"]
[WhiteElo "2611"]
[BlackElo "2074"]

1.e4 e5 2.Nf3 Nc6 3.Bb5 a6 4.Ba4 Nf6 5.Qe2 b5 6.Bb3 Be7 7.c3 O-O 8.d4 exd4
9.e5 Ne8 10.cxd4 d5 11.Nc3 Be6 12.O-O Qd7 13.Bf4 Na5 14.Bc2 Nc4 15.b3 Na3
16.Bd3 b4 17.Na4 Nb5 18.Qe3 Bf5 19.Rac1 Ra7 20.Rfe1 Qe6 21.Bg5 Bxg5 22.Nxg5 Qc8
23.Nb6 Qb7  1-0

[Event "USCL 2008"]
[Site "ICC INT"]
[Date "2008.09.17"]
[Round "4"]
[White "Milman,L"]
[Black "Shabalov,A"]
[Result "1-0"]
[WhiteElo "2488"]
[BlackElo "2611"]

1.e4 e5 2.Nf3 Nc6 3.Bb5 Nf6 4.O-O Nxe4 5.d4 a6 6.Bxc6 dxc6 7.Qe2 Bf5 8.g4 Bg6
9.Nxe5 Qxd4 10.Nxg6 hxg6 11.Nc3 f5 12.Bf4 Kf7 13.Nxe4 Qxe4 14.Qxe4 fxe4 15.Rad1 Re8
16.Kg2 g5 17.Bxc7 Rh6 18.Rd7+ Re7 19.Rfd1 b5 20.Bb6 Re6 21.Be3 Kg6 22.R1d6 Re8
23.Rd1 a5 24.b3 Bb4 25.a4 bxa4 26.bxa4 R8e7 27.Rd8 Re5 28.Rc8 R5e6 29.Rdd8 Rb7
30.Rb8 Rxb8 31.Rxb8 Rd6 32.Re8 Bd2 33.Ba7 e3 34.fxe3 Bb4 35.Kf3 c5 36.Ke4 Rd7
37.Bb6 Rd6 38.Bc7 Rd2 39.c4 Ra2 40.Be5 Rxa4 41.Re7 Ra2 42.Rxg7+ Kh6 43.h4  1-0

[Event "1st WMSG Blitz Ind"]
[Site "Beijing CHN"]
[Date "2008.10.04"]
[Round "4"]
[White "Fier,A"]
[Black "Shabalov,A"]
[Result "0-1"]
[WhiteElo "2581"]
[BlackElo "2585"]

1.e4 c5 2.Nf3 Nc6 3.d4 cxd4 4.Nxd4 Nf6 5.Nc3 e5 6.Ndb5 d6 7.Bg5 a6 8.Na3 b5
9.Bxf6 gxf6 10.Nd5 Bg7 11.Bd3 Ne7 12.Nxe7 Qxe7 13.O-O f5 14.c4 O-O 15.Qf3 f4
16.cxb5 Qg5 17.Be2 d5 18.exd5 f5 19.Qh5 Qf6 20.bxa6 e4 21.Rab1 Bxa6 22.Nc4 Kh8
23.Rfd1 Rg8 24.Bf1 Bf8 25.Qh3 f3 26.g3 Bc5 27.b4 Bxf2+ 28.Kxf2 Bxc4 29.Bxc4 Qb6+
30.Kf1 e3 31.Qh4 e2+ 32.Bxe2 fxe2+ 33.Kxe2 Rg4 34.Qh5 Rxa2+ 35.Rd2 Re4+ 36.Kf1 Rxd2
37.Qxf5 Re8 38.Rb3 Qb5+  0-1

[Event "1st WMSG Blitz Ind"]
[Site "Beijing CHN"]
[Date "2008.10.04"]
[Round "5"]
[White "Shabalov,A"]
[Black "Adianto,U"]
[Result "1-0"]
[WhiteElo "2585"]
[BlackElo "2554"]

1.e4 c6 2.d4 d5 3.e5 Bf5 4.Nd2 e6 5.Nb3 h6 6.Nf3 Nd7 7.Be2 Qc7 8.O-O Ne7
9.a4 a6 10.a5 Bh7 11.Bf4 Nf5 12.c4 dxc4 13.Bxc4 Be7 14.Rc1 O-O 15.d5 exd5
16.Bxd5 Rad8 17.Qe2 Kh8 18.Be4 g5 19.Bd2 Rfe8 20.Bc3 Ng7 21.e6 fxe6 22.Bxh7 Kxh7
23.Qe4+ Kg8 24.Qg6 e5 25.Rcd1 Nf8 26.Qxh6 Rxd1 27.Rxd1 Rd8 28.Re1 Rd6 29.Bxe5 Rxh6
30.Bxc7 Bb4 31.Rd1 g4 32.Ne5 Nge6 33.Bb6 c5 34.Nxg4 Rg6 35.h3 c4 36.Nd4 Nf4
37.Nf5 N8e6 38.Rd7 Kf8 39.Kh2 Rg5 40.Nfe3 c3 41.bxc3 Bxc3 42.Rxb7 Bxa5 43.g3 Bxb6
44.Rxb6 Nd5 45.Nxd5 Rxd5 46.Rxe6 a5 47.Ra6  1-0

[Event "1st WMSG Blitz Ind"]
[Site "Beijing CHN"]
[Date "2008.10.04"]
[Round "8"]
[White "Zhang Zhong"]
[Black "Shabalov,A"]
[Result "1/2-1/2"]
[WhiteElo "2649"]
[BlackElo "2585"]

1.e4 c5 2.Nf3 Nc6 3.Bb5 e6 4.O-O Nge7 5.c3 a6 6.Ba4 b5 7.Bc2 Bb7 8.Re1 Rc8
9.d4 cxd4 10.cxd4 Nb4 11.Bb3 Rxc1 12.Qxc1 Nd3 13.Qe3 Nxe1 14.Nxe1 Ng6 15.Nc3 Be7
16.Nd3 O-O 17.d5 Re8 18.Qd4 Bf8 19.a4 bxa4 20.Bxa4 exd5 21.Nxd5 Bxd5 22.Qxd5 Qf6
23.Bb3 Ne5 24.g3 Nxd3 25.Qxd3 Bc5 26.Qe2 g6 27.Kg2 Kg7 28.Bd5 Qe5 29.Qf3 f5
30.Rxa6 fxe4 31.Qf7+ Kh6 32.Qf4+ Qxf4 33.gxf4 e3 34.fxe3 Rxe3 35.b3 Rd3 36.Bc4 Rd2+
37.Kg3 d5 38.Bb5 Rb2 39.Ba4 d4 40.Rc6 Bb4 41.Rc4 Bc3 42.Rc7 Be1+ 43.Kf3 d3
44.Rd7 Rf2+ 45.Ke3 d2 46.b4 Rxh2 47.b5 Rh3+ 48.Ke2 Ra3 49.Bc2 Rc3 50.Bd1 Rc4
51.Ke3 Rb4 52.Be2 Rb3+ 53.Ke4 Rb4+ 54.Ke3 Rb3+ 55.Ke4 Rb4+ 56.Ke3 Rb3+ 57.Ke4 Rb4+
58.Ke3 Rb3+ 59.Ke4 Rb4+  1/2-1/2

[Event "1st WMSG Blitz Ind"]
[Site "Beijing CHN"]
[Date "2008.10.04"]
[Round "9"]
[White "Shabalov,A"]
[Black "Socko,B"]
[Result "0-1"]
[WhiteElo "2585"]
[BlackElo "2631"]

1.e4 e6 2.d4 d5 3.Nc3 Bb4 4.e5 c5 5.a3 Bxc3+ 6.bxc3 Ne7 7.Qg4 Kf8 8.a4 Qc7
9.Bd2 b6 10.Nf3 Ba6 11.Bd3 Bxd3 12.cxd3 c4 13.O-O cxd3 14.Ng5 h6 15.Qh5 g6
16.Qh3 Kg7 17.Nf3 Nbc6 18.Ne1 Na5 19.Nxd3 Nb3 20.Qe3 Nf5 21.Qe2 Nxa1 22.Rxa1 Qc4
23.g4 Ne7 24.Qf3 Ng8 25.Re1 Qxa4 26.h4 h5 27.Bg5 hxg4 28.Qxg4 Qc2 29.Re3 Rc8
30.Rf3 Qxc3 31.Qf4 Qc7 32.Kg2 Rh5 33.Qg3 Rxg5 34.Qxg5 Qd8 35.Qf4 Nh6 36.h5 g5
37.Qg3 Rc3 38.Rf6 Kh7 39.Qxg5 Qf8 40.Nf4 Qg7 41.Rxh6+ Qxh6 42.Qg4 Rc8 43.Ng6 Rg8
44.Kh3 fxg6  0-1

[Event "1st WMSG Rapid Ind"]
[Site "Beijing CHN"]
[Date "2008.10.05"]
[Round "1"]
[White "Livshits,G"]
[Black "Shabalov,A"]
[Result "0-1"]
[WhiteElo "2427"]
[BlackElo "2585"]

1.e4 c5 2.Nf3 Nc6 3.d4 cxd4 4.Nxd4 Nf6 5.Nc3 e5 6.Ndb5 d6 7.Bg5 a6 8.Na3 b5
9.Nd5 Be7 10.Bxf6 Bxf6 11.c3 O-O 12.Nc2 Bg5 13.h4 Bh6 14.g3 Rb8 15.Bg2 a5
16.a3 Ne7 17.Nce3 Bxe3 18.Nxe3 Be6 19.O-O Qb6 20.Qd2 Rfd8 21.Rfd1 h6 22.Qd3 Qc5
23.Nf5 Nxf5 24.exf5 Bb3 25.Re1 Qc4 26.Qe3 f6 27.Qa7 a4 28.Qe3 d5 29.Rac1 Rd7
30.Bf1 Qc8 31.f4 Re7 32.g4 h5 33.fxe5 Rxe5 34.Qg3 Qc5+ 35.Kh2 Rbe8 36.gxh5 Re3
37.Rxe3 Rxe3 38.Qb8+ Kh7 39.Qf4 d4 40.Qxd4 Qc7+ 41.Kh1 Qg3 42.h6 Kxh6 43.Bg2 Re2
44.Rg1 Bd5  0-1

[Event "1st WMSG Rapid Ind"]
[Site "Beijing CHN"]
[Date "2008.10.06"]
[Round "7"]
[White "Banikas,H"]
[Black "Shabalov,A"]
[Result "1-0"]
[WhiteElo "2572"]
[BlackElo "2585"]

1.d4 Nf6 2.c4 e6 3.Nf3 c5 4.d5 exd5 5.cxd5 g6 6.Nc3 d6 7.e4 Bg7 8.Bg5 O-O
9.Nd2 a6 10.a4 Nbd7 11.Be2 Qe7 12.O-O h6 13.Bh4 g5 14.Bg3 Ne5 15.a5 Bd7 16.Qb1 h5
17.Bxe5 dxe5 18.Nc4 h4 19.h3 g4 20.hxg4 Bh6 21.d6 Qe6 22.Nd5 Nxd5 23.exd5 Qf6
24.Qe4 Rfe8 25.Bd3 Rad8 26.Rae1 Bb5 27.b3 Qg7 28.Re2 Bf4 29.f3 Bxc4 30.bxc4 Rf8
31.Rb2 f5 32.gxf5 Rxd6 33.f6 Rfxf6 34.Rfb1 Rf7 35.Rb6 Rfd7 36.Rxd6 Rxd6 37.Qf5 Rf6
38.Qc8+ Rf8 39.Qxb7 Qh6 40.Rb6 Bh2+ 41.Kf1  1-0

[Event "1st WMSG Rapid Ind"]
[Site "Beijing CHN"]
[Date "2008.10.07"]
[Round "9"]
[White "Friedel,J"]
[Black "Shabalov,A"]
[Result "1/2-1/2"]
[WhiteElo "2498"]
[BlackElo "2585"]

1.e4 e5 2.Nf3 Nc6 3.Bb5 a6 4.Ba4 Nf6 5.O-O Be7 6.Re1 b5 7.Bb3 d6 8.c3 O-O
9.h3 Nb8 10.d4 Nbd7 11.Nbd2 Bb7 12.Bc2 Re8 13.Nf1 Bf8 14.Ng3 g6 15.a4 c6
16.b3 Qc7 17.Bb2 Rad8 18.c4 bxc4 19.bxc4 exd4 20.Nxd4 Ne5 21.Ndf5 d5 22.Qc1 dxe4
23.Qg5 Re6 24.Nd4 Ree8 25.Qxf6 Bg7 26.Qg5 Nxc4 27.Nb5 cxb5 28.Bxg7 Kxg7 29.Nh5+ Kg8
30.Nf6+ Kg7 31.Nh5+ Kg8 32.Nf6+ Kg7  1/2-1/2

[Event "1st WMSG Blitz Team"]
[Site "Beijing CHN"]
[Date "2008.10.13"]
[Round "1"]
[White "Shabalov,A"]
[Black "Batchuluun,C"]
[Result "1/2-1/2"]
[WhiteElo "2585"]
[BlackElo "2346"]

1.e4 e6 2.d4 d5 3.Nc3 Nf6 4.e5 Nfd7 5.Nce2 c5 6.c3 Nc6 7.f4 Qb6 8.Nf3 Be7
9.g3 cxd4 10.cxd4 f6 11.Bh3 O-O 12.Qb3 Qxb3 13.axb3 Nb6 14.O-O Bd7 15.Bd2 f5
16.Rfc1 Rfc8 17.Ne1 Nb4 18.Rxc8+ Nxc8 19.Kf2 Nb6 20.Nc1 a6 21.Ncd3 Nxd3+
22.Nxd3 Bb5 23.Nc5 Bxc5 24.dxc5 Nd7 25.Be3 h5 26.Bg2 Kf7 27.Bf3 g6 28.h3 Rh8
29.Rd1 Nb8 30.Kg2 Nc6 31.g4 hxg4 32.hxg4 Ne7 33.Bf2 Rh7 34.Bg3 Rh8 35.Bf2 Rh7
36.Bg3 fxg4 37.Bxg4 Nf5 38.Bxf5 gxf5 39.Rh1 Rxh1 40.Kxh1 Kg6 41.Kg2 Kh5 42.Kf3 Bd3
43.Bf2 Bc2 44.b4 Be4+ 45.Kg3 Bd3 46.Be3  1/2-1/2

[Event "1st WMSG Blitz Team"]
[Site "Beijing CHN"]
[Date "2008.10.13"]
[Round "3"]
[White "Shabalov,A"]
[Black "Paragua,M"]
[Result "0-1"]
[WhiteElo "2585"]
[BlackElo "2526"]

1.e4 c5 2.Nf3 d6 3.d4 cxd4 4.Nxd4 Nf6 5.Nc3 a6 6.Bg5 e6 7.Qe2 Be7 8.f4 Qc7
9.O-O-O Nbd7 10.g3 h6 11.Bh4 b5 12.Bg2 Rb8 13.Rhe1 b4 14.Nd5 exd5 15.Nf5 Nb6
16.Nxe7 Qxe7 17.e5 dxe5 18.fxe5 g5 19.exf6 Qxe2 20.Rxe2+ Be6 21.Bxd5 Nxd5
22.Rxd5 gxh4 23.gxh4 Rd8 24.Rde5 Rg8 25.c4 Rg4 26.b3 Rxh4 27.Ra5 Rd6 28.a3 bxa3
29.Rxa3 Rf4 30.Kc2 Rxf6 31.Kc3 Rf3+ 32.Kb4 Rb6+ 33.Kc5 Rfxb3 34.Ra1 Kd7 35.Kd4 Rd6+
36.Ke5 Rc3 37.Re4 Rxc4 38.Rxc4 Bxc4 39.h4 Ke7 40.Rc1 Rd5+ 41.Ke4 f5+ 42.Kf4 Bb5
43.Rc7+ Kd6 44.Rh7 a5 45.Rxh6+ Kc5 46.Rh8 a4 47.Ra8 Rd4+ 48.Kg5 Rg4+ 49.Kh5 Be2
50.Kh6 Rxh4+ 51.Kg5 Rb4 52.Kxf5 Kd4  0-1

[Event "1st WMSG Blitz Team"]
[Site "Beijing CHN"]
[Date "2008.10.13"]
[Round "7"]
[White "Shabalov,A"]
[Black "Stefansson,H"]
[Result "1-0"]
[WhiteElo "2585"]
[BlackElo "2575"]

1.d4 Nf6 2.c4 e6 3.Nc3 Bb4 4.Qc2 d5 5.cxd5 exd5 6.Bg5 c5 7.dxc5 h6 8.Bh4 g5
9.Bg3 Ne4 10.e3 Qa5 11.Ne2 Bf5 12.Be5 O-O 13.Nd4 Nxc3 14.Nxf5 Ne4+ 15.Kd1 Nc6
16.Bd4 Nxd4 17.exd4 Rfe8 18.Bd3 Rac8 19.f3 Bxc5 20.fxe4 dxe4 21.Bc4 Bf8 22.Rf1 Qb4
23.Rc1 e3 24.Ke2 Rxc4 25.Qxc4 Qd2+ 26.Kf3 e2  1-0

[Event "1st WMSG Blitz Team"]
[Site "Beijing CHN"]
[Date "2008.10.13"]
[Round "8"]
[White "Slapikas,V"]
[Black "Shabalov,A"]
[Result "0-1"]
[WhiteElo "2357"]
[BlackElo "2585"]

1.e4 c5 2.c3 d6 3.d4 Nf6 4.dxc5 Nc6 5.Nd2 dxc5 6.Ngf3 g6 7.Bc4 Bg7 8.O-O O-O
9.a4 Qc7 10.h3 b6 11.Qe2 Nd7 12.Re1 Nde5 13.Ba2 a5 14.Nxe5 Nxe5 15.Bc4 Rd8
16.Bb5 Bd7 17.Bxd7 Rxd7 18.Nf3 Nd3 19.Rd1 Rad8 20.Bg5 h6 21.Bh4 c4 22.Bg3 Qc6
23.e5 Qc5 24.e6 fxe6 25.Qxe6+ Kh7 26.Qe2 b5 27.axb5 Qxb5 28.Rd2 e5 29.Rad1 Qd5  0-1

[Event "1st WMSG Rapid Team"]
[Site "Beijing CHN"]
[Date "2008.10.14"]
[Round "1"]
[White "Shabalov,A"]
[Black "Slapikas,V"]
[Result "1-0"]
[WhiteElo "2585"]
[BlackElo "2357"]

1.e4 c6 2.d4 d5 3.e5 Bf5 4.Nd2 e6 5.Nb3 Nd7 6.Nf3 h6 7.Be2 Ne7 8.O-O Bh7
9.Ne1 Nf5 10.c3 Be7 11.f4 Qc7 12.Nd3 O-O-O 13.Kh1 f6 14.Bd2 g5 15.Rc1 fxe5
16.Nxe5 Nxe5 17.fxe5 Rdf8 18.c4 Nh4 19.Be1 Be4 20.Bxh4 gxh4 21.Bg4 Qd7 22.Qe2 Kb8
23.Nd2 Bg6 24.Nf3 Rf4 25.Bh3 Rhf8 26.c5 Bh5 27.Qd3 Bxf3 28.Rxf3 Rxf3 29.gxf3 Bg5
30.Rf1 Qf7 31.b4 Bf4 32.Qe2 Rg8 33.a4 a6 34.b5 axb5 35.axb5 cxb5 36.Ra1 Qg6
37.c6 Rg7 38.Qa2 Kc7 39.cxb7  1-0